A Kolozsvári M. Kir. Ferenc József Tudományegyetem Közgazdaságtudományi Karának tanrendje az 1940-41. tanév első felére

Elmentve itt :
Bibliográfiai részletek
Dokumentumtípus: Könyv
Megjelent: Ferenc József-Tudományegyetem Kolozsvár 1940
Sorozat:A Kolozsvári Magyar Királyi Ferenc József Tudományegyetem tanrendje
Kulcsszavak:Egyetemtörténet - Kolozsvár, Egyetemtörténet - Szeged, Kolozsvár - egyetem
Online Access:http://univ.bibl.u-szeged.hu/68526
LEADER 00802nam a2200169 i 4500
001 univ68526
005 20231130090657.0
008 231130s1940 hu o 0|| hun d
040 |a SZTE UnivHistória Repozitórium  |b hun 
041 |a hun 
245 0 2 |a A Kolozsvári M. Kir. Ferenc József Tudományegyetem Közgazdaságtudományi Karának tanrendje az 1940-41. tanév első felére  |h [elektronikus dokumentum] 
260 |a Ferenc József-Tudományegyetem  |b Kolozsvár  |c 1940 
300 |a 11  |c 22 cm 
490 0 |a A Kolozsvári Magyar Királyi Ferenc József Tudományegyetem tanrendje 
561 |a Tanrend 
695 |a Egyetemtörténet - Kolozsvár, Egyetemtörténet - Szeged, Kolozsvár - egyetem 
856 4 0 |u http://univ.bibl.u-szeged.hu/68526/1/egyetem_tanrend_1940_41_01_kolozsvar_kozgazd.pdf  |z Dokumentum-elérés